000 00585nam a22002057a 4500
003 OSt
005 20190115114141.0
008 190110b xxu||||| |||| 00| 0 eng d
020 _a0850830478
040 _aLB-BrCRDP
082 _a621.75 E57t
110 _aEngineering Industry Training Board.
245 _aThick plate working II for engineering craftsmen
260 _aWatford
_b Engineering Industry Training Board
_c1969-1973
300 _a118p
_c30cm
490 _aInstruction manual, module D.21
_v
630 _a Machine
630 _ashop practice.
942 _2ddc
_cBK
999 _c22347
_d22347